| 000 | 00434cam a2200157 4500 | ||
|---|---|---|---|
| 008 | 000000n2001 000 0 eng u | ||
| 020 | _a1902375408 | ||
| 035 | _a(Sirsi) u103524 | ||
| 100 | _aWood, Martin | ||
| 245 | 4 | _aThe Construction Act 1996. | |
| 250 | _a2nd ed. | ||
| 260 |
_aWitney _bChandos Publishing _c2001 |
||
| 350 | _a59.95 | ||
| 520 | _aDue to be published October 2001. TITLE ABANDONED FEBRUARY 2002 | ||
| 942 | _n0 | ||
| 999 |
_c100141 _d100141 |
||